000 00700cam a22002533a 4500
001 643
003 PGUSA
005 20140828082951.0
008 960901s1996||||xxu|||||s|||||000 1 eng d
040 _aPGUSA
_beng
042 _adc
050 4 _aPS
100 1 _aJames, Henry,
_d1843-1916
245 1 4 _aThe Death of the Lion
_h[electronic resource] /
_cHenry James
260 _bProject Gutenberg,
_c1996
506 _aPublic domain in the USA.
516 _aElectronic text
653 _aAuthorship -- Fiction
653 _aAuthors -- Fiction
653 _aManners and customs -- Fiction
830 0 _aProject Gutenberg
_v643
856 4 0 _uhttp://www.gutenberg.org/ebooks/643
942 _cEB
999 _c229994
_d229994